banner-ar

كيف تستعدين ليوم زفافك / (Record no. 46512)

MARC details
000 -الفاتح
حقل البيانات ثابتة الطول 00553nam a2200193Ia 4500
008 - عناصر البيانات ثابتة الطول - معلومات عامة
حقل البيانات ثابتة الطول 140319s9999 xx 000 0 ara d
040 ## - مصدر الفهرسة
وكالة الفهرسة الأصلية GCL /
وكالة النسخ GCL
082 04 - رقم تصنيف ديوى العشرى
رقم التصنيف 640
رقم المادة و ك
100 1# - المدخل الرئيسى - إسم شخصى
الإسم الشخصى وفاء حمود
245 10 - بيان العنوان
العنوان كيف تستعدين ليوم زفافك /
بيان المسئوليه,etc وفاء حمود
700 1# - المدخل الاضافى - اسم شخصى
الإسم الشخصى فاطمة المغربى
700 1# - المدخل الاضافى - اسم شخصى
الإسم الشخصى نهدية الزيباوى
300 ## - الوصف المادى
التعداد 110 ص
490 ## - بيان السلسلة
عنوان السلسلة موسوعة عالم المراة
رقم المجلد/ التعيين التسلسلي 0
650 04 - المدخل الاضافى بالموضوع-مصطلح موضوعى
مصطلح موضوعي المرأة
650 04 - المدخل الاضافى بالموضوع-مصطلح موضوعى
مصطلح موضوعي المرأة - الزفاف
942 ## - عناصر المدخل الإضافي( كوها)
مصدر التصنيف او مخطط الترفيف Dewey Decimal Classification
Koha [default] item type كتاب
Holdings
حالة التراجع حالة الفقد حالة تلف ليس للاعارة المكان المؤقت الموقع الحالى تاريخ الاكتساب اجمالي اﻻعارات رقم الطلب الباركود تاريخ اخر مشاهدة تاريخ تفعيل السعر نوع وعاء كوها
        مكتبة القاهرة الكبرى مكتبة القاهرة الكبرى 03/26/2014   640\و ك 113283 03/26/2014 03/26/2014 كتاب

Powered By

EGPV